000 00830nam a22002417a 4500
003 dpl
005 20180725131758.0
008 180603b xxu||||| |||| 00| 0 eng d
010 _aB-217853
020 _a8188583219
_c750.00
035 _aB-217853, B-217868, B-217855
037 _bCen Lib / Ret
040 _aDPL
_bEN
_c0
082 _a380
_bREF
245 _aReference manual for UGC examinations :
_bNET, SLET, JRF and other UPSC competitive tests commerce
260 _aNew Delhi
_bReference Press
_c2004
270 _a4831/24 Ansari Road Darya Ganj
_bNew Delhi
_e110002
300 _a436p
_b24cm(Hb)
650 _aCommerce -- Examinations -- Study guides.
650 _aCommerce -- Examinations, questions, etc.
650 _aExaminations -- India -- Study guides.
942 _2ddc
_cEN
_h380
_mREF
999 _c136476
_d136476